[Event "2017 Standard Chess Dropout Tournament, Round 2"]
[Site "SchemingMind.com"]
[Date "2017.05.01"]
[Round "2"]
[White "Wojtek26"]
[Black "Michal Drus"]
[Result "1-0"]
[WhiteCountry "POL"]
[BlackCountry "POL"]
[WhiteElo "1596"]
[WhiteRD "45"]
[BlackElo "1270"]
[BlackRD "92"]
[GameID "413530"]

1. d4 d5 2. c4 c6 3. e3 Bf5 4. Nf3 Nf6 5. Bd3 Bxd3 6. Qxd3 Ne4 7. Nfd2 e6 8. Nxe4 dxe4 9. Qxe4 Nd7 10. O-O Bd6
11. c5 Nf6 12. Qc2 Bc7 13. Bd2 O-O 14. Nc3 Ng4 15. h3 Nf6 16. a3 e5 17. dxe5 Bxe5 18. Rab1 Qd7 19. b4 Nd5 20. Nxd5 Qxd5
21. Bc3 Rfe8 22. Bxe5 Qxe5 23. Rfd1 Rad8 24. Rxd8 Rxd8 25. Rd1 Qf6 26. Rxd8+ Qxd8 27. Kf1 Qf6 28. Qd1 Kf8 29. g3 g6 30. Qd6+ Qxd6
31. cxd6 Ke8 32. e4 f6 33. f4 Kd7 34. e5 f5 35. Ke2 b6 36. Kd3 h6 37. Kc4 g5 38. a4 a6 39. a5 bxa5 40. bxa5 Ke6
41. Kc5
1-0

[Event "2017 Standard Chess Dropout Tournament, Round 2"]
[Site "SchemingMind.com"]
[Date "2017.05.06"]
[Round "2"]
[White "Yos"]
[Black "Apocalypse"]
[Result "1/2-1/2"]
[WhiteCountry "INA"]
[BlackCountry "USA"]
[WhiteElo "2546"]
[WhiteRD "92"]
[BlackElo "2433"]
[BlackRD "92"]
[GameID "413531"]

1. c4 e5 2. Nc3 Bb4 3. Nd5 Bc5 4. Nf3 c6 5. Nc3 d6 6. e3 Bb4 7. d4 e4 8. Nd2 f5 9. Qa4 Bxc3 10. bxc3 Nd7
11. Ba3 Qc7 12. Be2 Ngf6 13. O-O O-O 14. f3 Re8 15. Qc2 g6 16. fxe4 Nxe4 17. Nxe4 Rxe4 18. Bd3 Nf6 19. Bxe4 Nxe4 20. c5 d5
21. Bb2 Be6 22. a4 Rf8 23. Bc1 h5 24. Bd2 h4 25. Rab1 Qe7 26. Rb2 Bc8 27. a5 a6 28. Qd3 Qg7 29. Rfb1 Rf7 30. h3 g5
31. Be1 Re7=
1/2-1/2

[Event "2017 Standard Chess Dropout Tournament, Round 3"]
[Site "SchemingMind.com"]
[Date "2017.09.13"]
[Round "3"]
[White "Andreas Flato"]
[Black "Adrian Grajczak"]
[Result "1/2-1/2"]
[WhiteCountry "GER"]
[BlackCountry "POL"]
[WhiteElo "1831"]
[WhiteRD "127"]
[BlackElo "1832"]
[BlackRD "89"]
[GameID "418328"]

1. e4 c5 2. a3 a6 3. b4 e5 4. b5 axb5 5. Bxb5 Nf6 6. Nc3 Be7 7. Nf3 Nc6 8. O-O d6 9. a4 O-O 10. d3 Ne8
11. Nd5 Be6 12. Bd2 f5 13. Nxe7+ Qxe7 14. h3 h6 15. a5 Qf7 16. a6 fxe4 17. dxe4 Nb8 18. axb7 Rxa1 19. Qxa1 Qxb7 20. Qa4 Nc7
21. Bc4 Kh7 22. Bxe6 Nxe6 23. Qc4 Nf4 24. Kh2 Qd7 25. Nh4 Nc6=
1/2-1/2

[Event "2017 Standard Chess Dropout Tournament, Round 3"]
[Site "SchemingMind.com"]
[Date "2017.09.12"]
[Round "3"]
[White "ampp"]
[Black "bmariusz"]
[Result "0-1"]
[WhiteCountry "POR"]
[BlackCountry "POL"]
[WhiteElo "1379"]
[WhiteRD "69"]
[BlackElo "1630"]
[BlackRD "84"]
[GameID "418329"]

1. d4 d5 2. c4 e6 3. Nf3 Nf6 4. Nc3 c6 5. Qc2 Na6 6. a3 dxc4 7. e4 b5 8. e5 Nd5 9. Nxd5 cxd5 10. Bg5 Be7
11. b3 Bxg5 12. bxc4 bxc4 13. Be2 Qa5+ 14. Nd2 Nb4 15. Qc3 Nd3+
0-1

[Event "2017 Standard Chess Dropout Tournament, Round 3"]
[Site "SchemingMind.com"]
[Date "2017.09.10"]
[Round "3"]
[White "Apatchenlama"]
[Black "greghghs"]
[Result "0-1"]
[WhiteCountry "GER"]
[BlackCountry "ENG"]
[WhiteElo "2077"]
[WhiteRD "83"]
[BlackElo "2393"]
[BlackRD "87"]
[GameID "418330"]

1. d4 d5 2. c4 c6 3. Nf3 Nf6 4. e3 Bf5 5. Nc3 a6 6. Be2 e6 7. Nh4 Bg6 8. O-O Nbd7 9. g3 Be7 10. a3 dxc4
11. Nxg6 hxg6 12. Bxc4 Qc7 13. Be2 Rc8 14. Qb3 c5 15. a4 O-O 16. Bd2 Rfd8 17. Rfd1 cxd4 18. exd4 Qb6 19. Qxb6 Nxb6 20. Be1 Nc4
21. Rab1 Bb4 22. Bf3 Nxb2 23. Rxb2 Bxc3 24. Bxc3 Rxc3 25. Bxb7 Rc4 26. Bxa6 Rxa4 27. Be2 Raxd4 28. Rxd4 Rxd4 29. Rb8+ Kh7 30. Rf8 Rd7
31. Bb5 Rb7 32. Be8 Rb8
0-1

[Event "2017 Standard Chess Dropout Tournament, Round 3"]
[Site "SchemingMind.com"]
[Date "2017.09.15"]
[Round "3"]
[White "Apocalypse"]
[Black "Phillip Beckett"]
[Result "1-0"]
[WhiteCountry "USA"]
[BlackCountry "ENG"]
[WhiteElo "2411"]
[WhiteRD "107"]
[BlackElo "1583"]
[BlackRD "53"]
[GameID "418331"]

1. d4 d5 2. Nf3 Nf6 3. e3 e6 4. Bd3 c5 5. b3 Nc6 6. O-O Bd6 7. Bb2 O-O 8. a3 b6 9. dxc5 Bxc5 10. b4 Be7
11. Nbd2 Bb7 12. Qe2 a5 13. b5 Nb8 14. c4 Nbd7 15. cxd5 Nc5 16. Rac1 Nxd3 17. Qxd3 Qxd5 18. Qxd5 Bxd5 19. Bxf6 Bxf6 20. e4 Bb7
21. Nc4 Bxe4 22. Nxb6 Rad8 23. a4 Rd6 24. Nc4 Rdd8 25. Rfe1 Bd5 26. h3 g6 27. Nb6 Bxf3 28. gxf3 Rd2 29. Red1 Rfd8 30. Rxd2 Rxd2
31. Nc4 Ra2 32. b6 Bd4 33. Kh1 Bxf2 34. b7 Bg3 35. Nxa5 Kg7 36. f4 Bxf4 37. Rc4 Bg3 38. Nc6
1-0

[Event "2017 Standard Chess Dropout Tournament, Round 3"]
[Site "SchemingMind.com"]
[Date "2017.09.15"]
[Round "3"]
[White "bmariusz"]
[Black "Apocalypse"]
[Result "0-1"]
[WhiteCountry "POL"]
[BlackCountry "USA"]
[WhiteElo "1687"]
[WhiteRD "86"]
[BlackElo "2411"]
[BlackRD "107"]
[GameID "418332"]

1. e4 e5 2. Nf3 Nc6 3. d4 exd4 4. Nxd4 Bc5 5. Nxc6 Qf6 6. Qf3 bxc6 7. Nc3 d6 8. Bc4 Qxf3 9. gxf3 Be6 10. Bb3 Bb6
11. Rg1 Bxb3 12. axb3 g6 13. Be3 O-O-O 14. Ke2 Kb7 15. Rgd1 Ne7 16. Bg5 Rde8 17. Ra4 Nf5 18. Kd2 Ne7 19. Bf6 Rhg8 20. Ke2 g5
21. Kf1 Rg6 22. e5 Ng8 23. h4 gxh4 24. Bxh4 Rxe5 25. Rf4 Nh6 26. Ne4 Rf5 27. Rxf5 Nxf5 28. Bg3 d5 29. Nd2 Nxg3+ 30. fxg3 Rxg3
31. c4 Rg1+ 32. Ke2 Rxd1 33. Kxd1 Be3 34. Nf1 Bf4 35. Ke2 Kb6 36. Kd3 Kc5 37. b4+ Kxb4 38. Kd4 dxc4 39. Ke4 Bc1 40. Ng3 Bxb2
41. f4 a5 42. Ke3 a4 43. Kd2 a3 44. Kc2 c3 45. Kb1 Kb3 46. Ne2 a2#
0-1

[Event "2017 Standard Chess Dropout Tournament, Round 3"]
[Site "SchemingMind.com"]
[Date "2017.09.15"]
[Round "3"]
[White "Mike Winslow"]
[Black "thefriediceman"]
[Result "0-1"]
[WhiteCountry "USA"]
[BlackCountry "USA"]
[WhiteElo "1940"]
[WhiteRD "95"]
[BlackElo "1979"]
[BlackRD "107"]
[GameID "418333"]

1. c4 e5 2. Nc3 Nf6 3. g3 Nc6 4. Bg2 d6 5. e3 Be6 6. b3 Be7 7. Nge2 Qc8 8. d4 Bh3 9. O-O Bxg2 10. Kxg2 exd4
11. exd4 O-O 12. d5 Ne5 13. f4 Ng6 14. Bb2 Re8 15. Nd4 Bf8 16. Qf3 Qd7 17. Rae1 a6 18. Re2 Rxe2+ 19. Ncxe2 Re8 20. h3 Be7
21. Qd3 Bd8 22. Nf5 Rxe2+ 23. Qxe2 Qxf5 24. Bxf6 Qxf6 25. Qe8+ Nf8 26. g4 h6 27. f5 Qg5 28. Re1 Bf6 29. Qc8 Qd2+ 30. Kf1 Bh4
31. Qe8 Qf2#
0-1

[Event "2017 Standard Chess Dropout Tournament, Round 3"]
[Site "SchemingMind.com"]
[Date "2017.09.12"]
[Round "3"]
[White "Brian Pott"]
[Black "Trevor Brotherton"]
[Result "1-0"]
[WhiteCountry "AUS"]
[BlackCountry "ENG"]
[WhiteElo "2376"]
[WhiteRD "85"]
[BlackElo "2139"]
[BlackRD "60"]
[GameID "418334"]

1. e4 c5 2. Nc3 a6 3. Nf3 e6 4. g3 Nc6 5. Bg2 d6 6. O-O Nf6 7. d3 Be7 8. Ng5 h6 9. Nf3 d5 10. exd5 exd5
11. Re1 O-O 12. Ne5 Nxe5 13. Rxe5 Be6 14. Re1 Rc8 15. Ne2 Qd7 16. Nf4 Bg4 17. Bf3 Bf5 18. Bd2 Rce8 19. c4 d4 20. Qb3 b5
21. Qa3 bxc4 22. dxc4 Bd6 23. Nd5 Ng4 24. Bg2 Ne5 25. Qxa6
1-0

[Event "2017 Standard Chess Dropout Tournament, Round 3"]
[Site "SchemingMind.com"]
[Date "2017.09.15"]
[Round "3"]
[White "DANDYLIONHONEYBADGER"]
[Black "roscoe"]
[Result "1-0"]
[WhiteCountry "USA"]
[BlackCountry "USA"]
[WhiteElo "1369"]
[WhiteRD "77"]
[BlackElo "1200"]
[BlackRD "89"]
[GameID "418337"]

1. Nc3 e6 2. e4 Bb4 3. a3 Bxc3 4. bxc3 Nc6 5. g3 a6 6. Qe2 Nge7 7. Bg2 e5 8. Nf3 O-O 9. Bb2 d5 10. exd5 Nxd5
11. c4 Nf6 12. Nxe5 Re8 13. f4 Nxe5 14. fxe5 Bg4 15. Bf3 Bxf3 16. Qxf3 Nd7 17. Rf1 Qe7 18. O-O-O Qe6 19. d4 Re7 20. g4 h6
21. d5 Qg6 22. e6 Nc5 23. Rfe1 Rf8 24. Qg3 Ne4 25. Qe3 Nd6 26. Qe2 f6 27. h4 h5 28. gxh5 Qh6+ 29. Kb1 Nf5 30. Rg1 Nxh4
31. d6 cxd6 32. Rxd6 Nf5 33. Rb6 Kh8 34. Rg6 Qf4 35. Rg4 Ng3 36. Qd1 Qc7 37. Bd4 Qxc4 38. Rxg3 Rxe6 39. Rxb7 Qc8 40. Rgxg7 Re4
41. Rh7+
1-0

[Event "2017 Standard Chess Dropout Tournament, Round 3"]
[Site "SchemingMind.com"]
[Date "2017.09.15"]
[Round "3"]
[White "Diadoco"]
[Black "Helga1946"]
[Result "1/2-1/2"]
[WhiteCountry "MEX"]
[BlackCountry "GER"]
[WhiteElo "1987"]
[WhiteRD "99"]
[BlackElo "2282"]
[BlackRD "76"]
[GameID "418338"]

1. e4 e5 2. Nf3 Nc6 3. Bb5 a6 4. Ba4 Nf6 5. O-O b5 6. Bb3 Be7 7. d4 d6 8. c3 O-O 9. h3 Bb7 10. Re1 Na5
11. Bc2 c5 12. d5 Bc8 13. b3 Qc7 14. Be3 Bd7 15. Nbd2 Nb7 16. Qe2 Na5 17. c4 Rfb8 18. Rab1 bxc4 19. bxc4 Rxb1 20. Rxb1 Rb8
21. Qd1 Bd8 22. Rxb8 Qxb8 23. Qb1 Qc7 24. Bd3 Nh5 25. Bf1 Be7 26. g3 Bd8 27. Kh2 Qc8 28. Qd1 Nf6 29. Qb1 Nh5 30. Qd1 Nf6
31. Qb1 Kh8 32. Ng5 Kg8 33. Ngf3
1/2-1/2

[Event "2017 Standard Chess Dropout Tournament, Round 3"]
[Site "SchemingMind.com"]
[Date "2017.09.10"]
[Round "3"]
[White "Ed Mason"]
[Black "Quaff"]
[Result "1-0"]
[WhiteCountry "WLS"]
[BlackCountry "ENG"]
[WhiteElo "1766"]
[WhiteRD "105"]
[BlackElo "1517"]
[BlackRD "72"]
[GameID "418340"]

1. e4 e5 2. Nf3 d6 3. d4 exd4 4. Nxd4 h6 5. c4 Nf6 6. Nc3 Be7 7. Be2 Bd7 8. O-O Nc6 9. Be3 Nxd4 10. Bxd4 c5
11. Be3 Bc6 12. Bf3 O-O 13. Qd2 Nh7 14. Nd5 Bxd5 15. exd5 Bg5 16. Rae1 f5 17. Bxg5 Nxg5 18. Bd1 f4 19. g3 fxg3 20. fxg3 Qd7
21. Rxf8+ Rxf8 22. Rf1 Rxf1+ 23. Kxf1 Qf5+ 24. Qf4 Qd3+ 25. Be2 Qg6 26. Qg4
1-0

[Event "2017 Standard Chess Dropout Tournament, Round 3"]
[Site "SchemingMind.com"]
[Date "2017.09.15"]
[Round "3"]
[White "edg"]
[Black "simon_w"]
[Result "0-1"]
[WhiteCountry "USA"]
[BlackCountry "IRL"]
[WhiteElo "1765"]
[WhiteRD "75"]
[BlackElo "1870"]
[BlackRD "104"]
[GameID "418341"]

1. Nf3 Nf6 2. b3 d5 3. Bb2 e6 4. e3 c5 5. d3 Nc6 6. h3 Bd6 7. Nbd2 O-O 8. Qe2 Nb4 9. Qd1 Bd7 10. a3 Nc6
11. g4 h6 12. g5 hxg5 13. Nxg5 Ne5 14. f4 Ng6 15. Ndf3 Qc7 16. d4 cxd4 17. Bxd4 e5 18. fxe5 Nxe5 19. c3 Ne4 20. Nxe4 dxe4
21. Nxe5 Bxe5 22. Kd2 Rac8 23. Rc1 Rfd8 24. Bg2 Bf5 25. Qf1 Bg6 26. Ke2 Bh5+ 27. Kd2 Bg6 28. Qb5 a6 29. Qe2 f5 30. Ke1 Bxd4
31. exd4 Rxd4 32. Rc2 Rd3 33. Rg1 Bf7 34. h4 Qc5 35. Qf2 e3 36. Qe2 Rxc3 37. Rxc3 Qxc3+ 38. Kf1 Qa1+
0-1

[Event "2017 Standard Chess Dropout Tournament, Round 3"]
[Site "SchemingMind.com"]
[Date "2017.09.12"]
[Round "3"]
[White "emvarela"]
[Black "klapa"]
[Result "1-0"]
[WhiteCountry "ARG"]
[BlackCountry "POL"]
[WhiteElo "1904"]
[WhiteRD "62"]
[BlackElo "1493"]
[BlackRD "82"]
[GameID "418342"]

1. e4 e5 2. Nf3 Nc6 3. Bb5 Nd4 4. Nxd4 exd4 5. O-O Nf6 6. d3 c6 7. Bc4 c5 8. e5 Ng4 9. Qxg4 d5 10. Bb5+ Bd7
11. Bg5 Qc7 12. Na3 Rd8 13. e6 fxe6 14. Qxe6+ Be7 15. Qxe7#
1-0

[Event "2017 Standard Chess Dropout Tournament, Round 3"]
[Site "SchemingMind.com"]
[Date "2017.09.15"]
[Round "3"]
[White "Phillip Beckett"]
[Black "KristianO"]
[Result "1-0"]
[WhiteCountry "ENG"]
[BlackCountry "NOR"]
[WhiteElo "1600"]
[WhiteRD "57"]
[BlackElo "1686"]
[BlackRD "99"]
[GameID "418343"]

1. e4 e5 2. Nf3 Nc6 3. Bb5 a6 4. Ba4 b5 5. Bb3 Nf6 6. O-O d6 7. c3 Nb8 8. Re1 Nbd7 9. Ng5 d5 10. d4 Bb7
11. dxe5 Nxe5 12. exd5 Bd6 13. f4 Bc5+ 14. Kh1 O-O 15. fxe5 Nxd5 16. Qd3 g6 17. Qh3 h5 18. e6 Kg7 19. exf7 Bc8 20. Qg3 Bd6
21. Qf3 c6 22. Be3 Bg4 23. Ne6+ Bxe6 24. Bd4+ Kh7 25. Rxe6 Qd7 26. Qxh5+ gxh5 27. Bc2#
1-0

[Event "2017 Standard Chess Dropout Tournament, Round 3"]
[Site "SchemingMind.com"]
[Date "2017.09.14"]
[Round "3"]
[White "felixkronlage"]
[Black "surfnsuds"]
[Result "0-1"]
[WhiteCountry "GER"]
[BlackCountry "USA"]
[WhiteElo "1305"]
[WhiteRD "75"]
[BlackElo "1336"]
[BlackRD "84"]
[GameID "418344"]

1. c4 g6 2. d4 Bg7 3. Nf3 Nf6 4. Nc3 d6 5. e4 O-O 6. Bd3 c5 7. d5 Nbd7 8. O-O Ne5 9. Nxe5 dxe5 10. Bg5 Bg4
11. f3 Bd7 12. f4 Ng4 13. d6 Ne3 14. Bxe7 Nxd1 15. Bxd8 Nxb2 16. Be7 Rfe8
0-1

[Event "2017 Standard Chess Dropout Tournament, Round 3"]
[Site "SchemingMind.com"]
[Date "2017.09.15"]
[Round "3"]
[White "flammablepawn"]
[Black "GKThomas"]
[Result "0-1"]
[WhiteCountry "USA"]
[BlackCountry "USA"]
[WhiteElo "1821"]
[WhiteRD "127"]
[BlackElo "2053"]
[BlackRD "132"]
[GameID "418345"]

1. b4 Nf6 2. Bb2 d5 3. Nf3 e5 4. Nxe5 Bxb4 5. e3 Nbd7 6. Be2 Nxe5 7. Bxe5 Qe7 8. Bb2 Bf5 9. c3 Bd6 10. d4 O-O
11. O-O b5 12. a4 bxa4 13. Qxa4 Rab8 14. Qa2 Ne4
0-1

[Event "2017 Standard Chess Dropout Tournament, Round 3"]
[Site "SchemingMind.com"]
[Date "2017.09.10"]
[Round "3"]
[White "frankly"]
[Black "Russell Sherwood"]
[Result "0-1"]
[WhiteCountry "ENG"]
[BlackCountry "WLS"]
[WhiteElo "2526"]
[WhiteRD "63"]
[BlackElo "2299"]
[BlackRD "117"]
[GameID "418346"]

1. d4 d5 2. Nf3 c6 3. c4 Nf6 4. Nc3 e6 5. Bg5 h6 6. Bh4 dxc4 7. e4 g5 8. Bg3 b5 9. Be2 Bb7 10. h4 g4
11. Ne5 Nbd7 12. Nxd7 Qxd7 13. Be5 Qe7 14. b3 Rg8 15. O-O Bg7 16. g3 b4 17. Na4 Nxe4 18. Bxc4 c5 19. Bxg7 Rxg7 20. Bd3 Nc3
21. Qd2 cxd4 22. Qxh6 Rg8 23. Nxc3 bxc3 24. Bb5+ Kd8 25. Rad1 e5 26. Rfe1 Rc8 27. Rxd4+ exd4 28. Rxe7 Kxe7 29. Bd3 c2 30. Qf4 c1=Q+
0-1

[Event "2017 Standard Chess Dropout Tournament, Round 3"]
[Site "SchemingMind.com"]
[Date "2017.09.10"]
[Round "3"]
[White "FransEvers"]
[Black "MichaelG"]
[Result "0-1"]
[WhiteCountry "NED"]
[BlackCountry "GER"]
[WhiteElo "1857"]
[WhiteRD "115"]
[BlackElo "1989"]
[BlackRD "82"]
[GameID "418347"]

1. e4 e6 2. d4 d5 3. Nc3 Nf6 4. e5 Nfd7 5. f4 c5 6. Nf3 Nc6 7. Be3 Be7 8. Qd2 O-O 9. dxc5 Nxc5 10. O-O-O a6
11. Qf2 b6 12. Qg3 f5 13. h4 Qc7 14. Qh2 Bd7 15. g3 b5 16. Qf2 Na4 17. Nxa4 bxa4 18. Bc5 Bxc5 19. Qxc5 Qb7 20. Qa3 Rab8
21. Rh2 Na7 22. Nd4 Nb5 23. Bxb5 axb5 24. Qb4 Rfc8 25. Qe7 Re8 26. Qb4 Rbc8 27. Rd3 Rc4 28. Qe1 b4 29. b3 axb3 30. axb3 Rc5
31. Kd1 Ra8 32. Kd2 Bb5 33. Nxb5 Qxb5 34. Qb1 Qb6 35. Kc1 Rca5 36. Kd2 Ra1 37. Qb2 Qg1
0-1

[Event "2017 Standard Chess Dropout Tournament, Round 3"]
[Site "SchemingMind.com"]
[Date "2017.09.12"]
[Round "3"]
[White "GKThomas"]
[Black "Robert Bruce"]
[Result "1/2-1/2"]
[WhiteCountry "USA"]
[BlackCountry "SCO"]
[WhiteElo "2086"]
[WhiteRD "132"]
[BlackElo "2346"]
[BlackRD "71"]
[GameID "418349"]

1. e4 Nf6 2. e5 Nd5 3. d4 d6 4. c4 Nb6 5. exd6 exd6 6. Nf3 Be7 7. Bd3 O-O 8. h3 Re8 9. O-O Bf6 10. Re1 Rxe1+
11. Qxe1 g6 12. Be2 c5 13. dxc5 dxc5 14. Nc3 Be6 15. b3 Nc6 16. Be3 Qe7 17. Rd1 Bf5 18. Nd5 Nxd5 19. cxd5 Nd4 20. Nxd4 cxd4
21. Bxd4 Bxd4 22. Rxd4 Re8 23. Rd2 Qg5 24. g4 Bd7 25. Qd1 h5 26. Rd4 f5 27. d6 b6 28. a4 hxg4 29. hxg4 fxg4 30. Bxg4 Bxg4
31. Qxg4 Qxg4+ 32. Rxg4 Kf7 33. Rc4 Ke6 34. Rc7 Kxd6 35. Rxa7 Re1+ 36. Kg2 Rb1 37. f3 Rxb3 38. Rg7 Ke6 39. Rxg6+ Kf5 40. Rg4 Rb2+
41. Kg3 b5 42. axb5 Rxb5 43. Rh4 Kg6= 44. f4 Rb3+ 45. Kg4 Rb1 46. Rh3 Rg1+ 47. Rg3 Rxg3+ 48. Kxg3=
1/2-1/2

[Event "2017 Standard Chess Dropout Tournament, Round 3"]
[Site "SchemingMind.com"]
[Date "2017.09.11"]
[Round "3"]
[White "Glenn O'Brien"]
[Black "Clive Everill"]
[Result "1-0"]
[WhiteCountry "AUS"]
[BlackCountry "CZE"]
[WhiteElo "1944"]
[WhiteRD "79"]
[BlackElo "1766"]
[BlackRD "60"]
[GameID "418350"]

1. e4 d6 2. d4 Nf6 3. Nc3 c6 4. f4 Qa5 5. Bd3 e5 6. Nf3 Bg4 7. Be3 Nbd7 8. O-O Be7 9. h3 exf4 10. Bxf4 Bh5
11. Qe1 O-O-O 12. Nd5 Qxe1 13. Nxe7+ Kc7 14. Raxe1 Bxf3 15. Rxf3 g6 16. e5 dxe5 17. Bxe5+ Nxe5 18. dxe5 Nd5 19. Nxd5+ cxd5 20. Rxf7+ Kc6
21. Ref1 Rde8 22. R1f6+ Kc5 23. c3 a5 24. Rxb7 Rb8 25. Rc7#
1-0

[Event "2017 Standard Chess Dropout Tournament, Round 3"]
[Site "SchemingMind.com"]
[Date "2017.09.11"]
[Round "3"]
[White "Goz"]
[Black "Dom P"]
[Result "0-1"]
[WhiteCountry "ENG"]
[BlackCountry "ENG"]
[WhiteElo "1446"]
[WhiteRD "83"]
[BlackElo "1611"]
[BlackRD "94"]
[GameID "418351"]

1. d4 d6 2. e4 Nd7 3. Nf3 g6 4. c3 Ngf6 5. Bd3 Bg7 6. O-O c5 7. d5 O-O 8. a3 Ne5 9. Nxe5 dxe5 10. c4 a6
11. b4 b6 12. Nd2 Bg4 13. f3 Bd7 14. Bb2 Qc7 15. Bc3 a5 16. b5 Nh5 17. g3 Bh3 18. Rf2 Rad8 19. Be2 e6 20. Bf1 Bxf1
21. Nxf1 Qd7 22. Ne3 Qe7 23. Ng4 exd5 24. cxd5 f5 25. Ne3 fxe4 26. fxe4 Rxf2 27. Kxf2 Rf8+ 28. Kg2 Qg5 29. Qe2 Nf4+ 30. Kf2 Nxe2+
31. Kxe2 Bh6 32. Bd2 Qh5+ 33. Kd3 Qxh2 34. Rd1 Qxg3 35. Re1 Rc8 36. Kc4 Qf3 37. d6 Qxe4+ 38. Kc3 Qd4+ 39. Kc2 e4 40. Kd1 c4
0-1

[Event "2017 Standard Chess Dropout Tournament, Round 3"]
[Site "SchemingMind.com"]
[Date "2017.09.10"]
[Round "3"]
[White "greghghs"]
[Black "sbb"]
[Result "1/2-1/2"]
[WhiteCountry "ENG"]
[BlackCountry "USA"]
[WhiteElo "2383"]
[WhiteRD "89"]
[BlackElo "2488"]
[BlackRD "104"]
[GameID "418352"]

1. d4 Nf6 2. c4 Nc6 3. Nf3 e6 4. a3 d6 5. Nc3 g6 6. e4 Bg7 7. h3 O-O 8. Be3 Re8 9. Bd3 Nd7 10. Be2 e5
11. d5 Nd4 12. Nxd4 exd4 13. Bxd4 Bxd4 14. Qxd4 Nc5 15. Rd1 Qg5 16. Kf1 Nb3 17. Qd3 Nc5 18. Qc2 f5 19. Bd3 fxe4 20. Nxe4 Nxe4
21. Bxe4 Bd7 22. Bf3 Qf6 23. Qd2 Re5 24. Kg1 Rf8 25. Rc1 Bf5 26. Rc3 Be4 27. Bd1 h5 28. f3 Bf5 29. Kh2 Rfe8 30. Rf1 b6
31. b4 R5e7 32. f4 Re4 33. c5 Rd4 34. Qc1 Bd3 35. Rf2 bxc5 36. bxc5 Re1 37. Qd2 Rf1 38. Rxf1 Bxf1 39. Qe3=
1/2-1/2

[Event "2017 Standard Chess Dropout Tournament, Round 3"]
[Site "SchemingMind.com"]
[Date "2017.09.15"]
[Round "3"]
[White "Helga1946"]
[Black "ampp"]
[Result "1-0"]
[WhiteCountry "GER"]
[BlackCountry "POR"]
[WhiteElo "2208"]
[WhiteRD "79"]
[BlackElo "1417"]
[BlackRD "68"]
[GameID "418353"]

1. e4 e5 2. Nf3 Nf6 3. Nxe5 Qe7 4. Nf3 Qxe4+ 5. Be2 d5 6. O-O Nc6 7. Nc3 Qg6 8. d4 Bd6 9. Nh4 Bxh2+ 10. Kxh2 Ng4+
11. Kg3 Qh5 12. Bxg4 Bxg4 13. Qxg4 Qxg4+ 14. Kxg4 Nxd4 15. Nxd5 Rc8 16. Re1+ Ne6 17. Bf4 c6 18. Nc7+ Ke7 19. Nf5+ Kf6 20. Be5+ Kg6
21. Ne7+ Kh6 22. Rh1#
1-0

[Event "2017 Standard Chess Dropout Tournament, Round 3"]
[Site "SchemingMind.com"]
[Date "2017.09.10"]
[Round "3"]
[White "Holty"]
[Black "Marc Wakeham"]
[Result "1-0"]
[WhiteCountry "ENG"]
[BlackCountry "WLS"]
[WhiteElo "1722"]
[WhiteRD "64"]
[BlackElo "1599"]
[BlackRD "88"]
[GameID "418354"]

1. d4 Nf6 2. Nf3 g6 3. c4 Bg7 4. Nc3 d5 5. Bg5 dxc4 6. e4 O-O 7. Bxc4 c5 8. d5 Bg4 9. Qd3 a6 10. O-O Nbd7
11. Qe3 Bxf3 12. Qxf3 Ne5 13. Qe2 Nxc4 14. Qxc4 Rc8 15. Rfd1 b5 16. Qe2 Qb6 17. Be3 Nd7 18. Rac1 Qc7 19. Qd2 Ne5 20. b3 c4
21. Bh6 Ng4 22. Bf4 Be5 23. Bxe5 Qxe5 24. f4 Qh5 25. g3 Rcd8 26. Re1 Qh3 27. Qg2 Qxg2+ 28. Kxg2 Rd7 29. bxc4 bxc4 30. h3 Nf6
31. Na4 Rc7 32. Nc3 Rb8 33. Rb1 Rcb7 34. Kf3 Rxb1 35. Rxb1 Rxb1 36. Nxb1 Kf8 37. Nc3 Ke8 38. Ke3 Kd7 39. Kd4 Ne8 40. Kxc4 Nd6+
41. Kd4 Kc7 42. g4 f6 43. Na4 a5 44. Nc5 Nb5+ 45. Kc4 Kb6 46. Nd7+
1-0

[Event "2017 Standard Chess Dropout Tournament, Round 3"]
[Site "SchemingMind.com"]
[Date "2017.09.11"]
[Round "3"]
[White "John Hamer"]
[Black "lawyertheologian"]
[Result "1-0"]
[WhiteCountry "ENG"]
[BlackCountry "USA"]
[WhiteElo "2005"]
[WhiteRD "69"]
[BlackElo "1913"]
[BlackRD "91"]
[GameID "418355"]

1. d4 f5 2. Bg5 h6 3. Bf4 Nf6 4. e3 g6 5. Nf3 d6 6. c4 Bg7 7. Nc3 O-O 8. Bd3 Nbd7 9. O-O Nh5 10. Nh4 Kh7
11. Nxg6
1-0

[Event "2017 Standard Chess Dropout Tournament, Round 3"]
[Site "SchemingMind.com"]
[Date "2017.09.10"]
[Round "3"]
[White "JAHI"]
[Black "NYNH"]
[Result "1-0"]
[WhiteCountry "INT"]
[BlackCountry "USA"]
[WhiteElo "2059"]
[WhiteRD "63"]
[BlackElo "2060"]
[BlackRD "90"]
[GameID "418356"]

1. h3 e5 2. d3 d5 3. d4 exd4 4. Qxd4 c5 5. Qd3 Nc6 6. c3 Nf6 7. Bg5 Be7 8. Bxf6 Bxf6 9. Nd2 O-O 10. e3 Re8
11. Ngf3 d4 12. cxd4 Nxd4 13. Nxd4 Bxd4 14. Qc2 b6 15. Bb5 Bd7 16. Bd3 h6 17. Be4 Rc8 18. Rd1 Bf6 19. Nc4 Qc7 20. Nd6 Bb5
21. Nxb5 Qe5 22. Nd6 Rcd8 23. Nxe8 Rxe8 24. Bf3 c4 25. Qxc4 Qxb2 26. Bd5 Re7 27. Qc8+ Kh7 28. Rc1 Bh4 29. Qc2+ Qxc2 30. Rxc2 Rxe3+
31. Re2 Rc3 32. g3 Bg5 33. Rc2 Rd3 34. Be4+
1-0

[Event "2017 Standard Chess Dropout Tournament, Round 3"]
[Site "SchemingMind.com"]
[Date "2017.09.14"]
[Round "3"]
[White "Jari Laine"]
[Black "Stephen Woodhouse"]
[Result "1-0"]
[WhiteCountry "FIN"]
[BlackCountry "ENG"]
[WhiteElo "2440"]
[WhiteRD "83"]
[BlackElo "1933"]
[BlackRD "62"]
[GameID "418358"]

1. c4 e6 2. Nc3 f5 3. d4 Nf6 4. Qc2 Be7 5. Nf3 O-O 6. h3 b6 7. g4 Bb7 8. gxf5 exf5 9. Bg2 g6 10. Bh6 Re8
11. c5 Ne4 12. Qb3+ Kh8 13. Ne5
1-0

[Event "2017 Standard Chess Dropout Tournament, Round 3"]
[Site "SchemingMind.com"]
[Date "2017.09.15"]
[Round "3"]
[White "Sebastian Strauchler"]
[Black "Jari Laine"]
[Result "1-0"]
[WhiteCountry "ARG"]
[BlackCountry "FIN"]
[WhiteElo "2188"]
[WhiteRD "108"]
[BlackElo "2442"]
[BlackRD "89"]
[GameID "418359"]

1. e4 e5 2. Nf3 Nc6 3. Bb5 a6 4. Ba4 Nf6 5. O-O Be7 6. Re1 b5 7. Bb3 O-O 8. c3 d6 9. h3 Nb8 10. d4 Nbd7
11. Nbd2 Bb7 12. Bc2 Re8 13. Nf1 Bf8 14. Ng3 g6 15. a4 c5 16. d5 c4 17. Bg5 Be7 18. Qd2 Nc5 19. Bh6 Nfd7 20. Nh2 bxa4
21. Ng4 Nb3 22. Bxb3 axb3 23. Be3 h5 24. Nh6+ Kg7 25. Ra4 Rh8 26. Rxc4 a5 27. Nhf5+ gxf5 28. Nxf5+ Kg8 29. Qd1 Bf8 30. Qxb3 Bc8
31. Rc6 Nc5 32. Bxc5 dxc5 33. c4 Bxf5 34. exf5 Bd6 35. Qg3+ Kf8 36. Qc3 Rh6 37. Ra1 Qg5 38. Qc2 e4 39. Qxe4 Re8 40. Qc2 Rf6
41. Kf1
1-0